| 000 | 00931nam a2200277 a 4500 | ||
|---|---|---|---|
| 001 | 57530 | ||
| 003 | BD-RjUL | ||
| 005 | 20211209080525.0 | ||
| 008 | 101216s1993 nyua b 001 0 eng | ||
| 020 | _a0791416038 | ||
| 020 | _a0791416046 | ||
| 035 | _a(BD-RjUL) 57654 | ||
| 040 |
_aLC _beng _cLC _dLC _dBD-RjUL |
||
| 041 | _aeng | ||
| 082 | 0 | 0 |
_a302.20952 _223 _bCOM 1993 |
| 245 | 0 | 0 |
_aCommunication in Japan and the United States / _cWilliam B. Gudykunst, editor. |
| 260 |
_aAlbany : _bState University of New York, _cc1993. |
||
| 300 |
_aviii, 330 p. : _bill. ; _c24 cm. |
||
| 490 | 1 | _aSUNY series, human communication processes | |
| 504 | _aIncludes bibliographical references and indexes. | ||
| 650 | 0 |
_aCommunication _zJapan. _9170840 |
|
| 650 | 0 |
_aCommunication _zUnited States. _9170841 |
|
| 700 | 1 |
_aGudykunst, William B. _9170379 |
|
| 830 | 0 |
_aSUNY series in human communication processes. _9170844 |
|
| 942 |
_2ddc _cBK |
||
| 999 |
_c57530 _d57530 |
||